000 00252nam a2200097Ia 4500
008 190216s9999||||xx |||||||||||||| ||und||
100 _aGopinathan Nair P R
245 0 _aDhana Shashthra Chinthayude Charithram
260 _bKerala Basha Inst
942 _cBK
999 _c37790
_d37790